Frozen in time : what ice cores can tell us about climate change /

"An introduction to paleoclimatology and ice cores for kids, connecting the methods that scientists use to study our climate history with future climate change solutions"--

Bibliographic Details
Main Author: Van Vleet, Carmella (Author)
Format: Book
Language:English
Published: New York : Holiday House, [2024]
Edition:First edition.
Series:Books for a better earth.
Subjects:

MARC

Tag First Indicator Second Indicator Subfields
LEADER 00000cam a2200000 i 4500
001 in00005615321
003 OCoLC
005 20250117131536.9
008 230815s2024 nyuab j b 001 0 eng
010 |a  2023021116 
024 8 |a 40032587412 
040 |a DLC  |b eng  |e rda  |c DLC  |d BDX  |d OCLCO  |d OCLCF  |d OCO  |d ILC  |d OCLCO  |d RB0  |d OCLCO  |d MWD  |d TKL  |d VP@  |d JBI  |d IG#  |d YDX 
019 |a 1422090707 
020 |a 9780823453986  |q hardcover 
020 |a 0823453987  |q hardcover 
035 |a (OCoLC)1401626830  |z (OCoLC)1422090707 
042 |a pcc 
050 0 0 |a QC884  |b .V36 2024 
082 0 0 |a 551.609/01  |2 23/eng/20231002 
100 1 |a Van Vleet, Carmella,  |e author. 
245 1 0 |a Frozen in time :  |b what ice cores can tell us about climate change /  |c Carmella Van Vleet. 
250 |a First edition. 
264 1 |a New York :  |b Holiday House,  |c [2024] 
300 |a 110 pages :  |b color illustrations, color map ;  |c 24 cm. 
336 |a text  |b txt  |2 rdacontent  |0 http://id.loc.gov/vocabulary/contentTypes/txt 
336 |a still image  |b sti  |2 rdacontent 
337 |a unmediated  |b n  |2 rdamedia  |0 http://id.loc.gov/vocabulary/mediaTypes/n 
338 |a volume  |b nc  |2 rdacarrier  |0 http://id.loc.gov/vocabulary/carriers/nc 
490 1 |a Books for a better earth 
504 |a Includes bibliographical references (pages 106-109) and index. 
520 |a "An introduction to paleoclimatology and ice cores for kids, connecting the methods that scientists use to study our climate history with future climate change solutions"--  |c Provided by publisher. 
521 |a Ages 7-11  |b Holiday House. 
521 |a Grades 4-6  |b Holiday House. 
586 |a School Library Journal Best Books, 2024 
650 0 |a Ice cores  |v Juvenile literature. 
650 0 |a Paleoclimatology  |v Juvenile literature. 
650 0 |a Paleoclimatology  |x Experiments  |v Juvenile literature. 
650 0 |a Climatic changes  |v Juvenile literature. 
650 0 |a Ice cores. 
650 1 |a Paleoclimatology. 
650 1 |a Paleoclimatology  |x Experiments. 
650 1 |a Climatic changes. 
650 6 |a Paléoclimatologie  |0 (CaQQLa)201-0021130  |v Ouvrages pour la jeunesse.  |0 (CaQQLa)201-0377026 
650 6 |a Climat  |0 (CaQQLa)201-0021131  |x Changements  |0 (CaQQLa)201-0021131  |v Ouvrages pour la jeunesse.  |0 (CaQQLa)201-0377026 
650 6 |a Carottes de glace  |0 (CaQQLa)000295249  |v Ouvrages pour la jeunesse.  |0 (CaQQLa)201-0377026 
650 6 |a Paléoclimatologie  |0 (CaQQLa)201-0021130  |x Expériences  |0 (CaQQLa)201-0377433  |v Ouvrages pour la jeunesse.  |0 (CaQQLa)201-0377026 
650 6 |a Carottes de glace.  |0 (CaQQLa)000295249 
650 7 |a Climatic changes  |2 fast  |0 (OCoLC)fst00864229 
650 7 |a Paleoclimatology  |2 fast  |0 (OCoLC)fst01051364 
650 7 |a Paleoclimatology  |v Juvenile literature.  |2 sears 
650 7 |a Climate  |v Juvenile literature.  |2 sears 
655 7 |a Juvenile works  |2 fast  |0 (OCoLC)fst01411637 
655 7 |a Illustrated works.  |2 lcgft 
655 7 |a Ouvrages illustrés.  |2 rvmgf  |0 (CaQQLa)RVMGF-000000523 
830 0 |a Books for a better earth. 
945 |b 298023 
947 |a A14851354671 
980 |b print  |c 40032587412  |g 565712  |k USD  |m 20.69  |q 1  |s AcqMono Conventional  |t Approval plan  |u Vendor order reference number  |v ZYBP  |y Print approval  |z Physical resource 
999 f f |i 659ee17f-8ebf-4957-9767-e915e9b07430  |s 4f6b38fb-fe0c-4907-a754-a6086a5579d6  |t 0 
952 f f |p normal  |a Texas A&M University  |b College Station  |c Sterling C. Evans Library  |s Evans curr  |d Evans: Curriculum Collection (4th floor)  |t 0  |e QC884 .V36 2024  |h Library of Congress classification  |i unmediated -- volume  |m A14851354671